| 000 | 00812nam a2200277 a 4500 | ||
|---|---|---|---|
| 008 | |||
| 020 | _a9780470528495 (hbk.) | ||
| 049 | _aMAIN | ||
| 090 |
_aHG4521 _bMAL |
||
| 100 | 1 | _aMalkiel, Burton G. | |
| 245 | 1 | 0 |
_aThe elements of investing / _cBurton G. Malkiel [and] Charles D. Ellis. |
| 260 |
_aHoboken : _bWiley, _c2010. |
||
| 300 |
_axix,154 p. : _bill. ; _c19 cm. |
||
| 500 | _aIncludes index. | ||
| 504 | _aIncludes bibliographical references. | ||
| 650 | _aInvestiment analysis. | ||
| 650 | _aPortfolio management. | ||
| 650 | _aFinance, personal. | ||
| 650 | 1 | _aInvestiments. | |
| 700 | _aEllis, Charles D. | ||
| 907 |
_a.b1033533x _b04-11-13 _c19-09-13 |
||
| 003 | |||
| 005 | 20230123122029.0 | ||
| 040 | _cNUST | ||
| 942 |
_cBOOKS _kHG4521 _mMAL |
||
| 999 |
_c126601 _d126601 |
||